000 00837nac a22002171u 4500
010 _a 2001277686
020 _a0340662921
020 _a0340608773 (pbk.)
035 _a(OCoLC)ocm46694668
082 0 0 _a302.2/01
_bK9242
090 _c159
_d159
100 _aKress, Gunther R.
245 1 0 _aMultimodal discourse :
_bthe modes and media of contemporary communication /
_cGunther Kress, Theo van Leeuwen.
260 _aLondon :
_bArnold ;
_aNew York :
_bOxford University Press,
_c2001.
300 _a142 p. :
_bill. ;
_c25 cm.
650 0 _aCommunication
_xMethodology.
650 0 _aSemiotics.
700 1 _aVan Leeuwen, Theo,
_d1947-
942 _cBB
_k302.201K9242
999 _c159
_d159